| 000 | 00000nam##2200000za#4500 |
| 001 | 9.632607 |
| 003 | CaOODSP |
| 005 | 20220328113301 |
| 007 | cr ||||||||||| |
| 008 | 150407|2004||||xxc|||||o f|0| 0 fre|d |
| 040 | |aCaOODSP|bfre |
| 043 | |an-cn--- |
| 086 | 1 |aIu4-63/2004F-PDF |
| 110 | 1 |aCanada. |bIndustrie Canada. |
| 245 | 10|aListe de verification des consommateurs pour choisir une entreprise de déménagement |h[ressource électronique] |
| 260 | |aOttawa - Ontario : |bIndustrie Canada |c2004. |
| 300 | |a2p.|bill. en couleur |
| 500 | |aN.B.: L'ISBN (0-662-77038-2) imprimé dans cette publication est incorrect. |
| 590 | |a06-03-Supp|b2006-10-02 |
| 691 | 07|aIndustrie des services|2gcpds |
| 691 | 07|aLogement|2gcpds |
| 775 | 08|tConsumer checklist for choosing a moving company |w(CaOODSP)9.688175 |
| 776 | 0#|tListe de verification des consommateurs pour choisir une entreprise de déménagement / |w(CaOODSP)9.682537 |
| 856 | 40|ahttp://publications.gc.ca|qPDF|s526 Ko|uhttps://publications.gc.ca/collections/Collection/Iu4-63-2004F.pdf |
| 986 | |a54197F |